Diversification and performance in developed and emerging market contexts (Record no. 5219)

MARC details
000 -CABECERA
campo de control de longitud fija 02696nam a22002897a 4500
003 - IDENTIFICADOR DEL NÚMERO DE CONTROL
campo de control OSt
005 - FECHA Y HORA DE LA ÚLTIMA TRANSACCIÓN
campo de control 20260515120004.0
008 - DATOS DE LONGITUD FIJA--INFORMACIÓN GENERAL
campo de control de longitud fija 260121b |||||||| |||| 00| 0 eng d
022 ## - NÚMERO INTERNACIONAL NORMALIZADO PARA PUBLICACIONES SERIADAS
Número Internacional Normalizado para Publicaciones Seriadas 1460-8545
022 ## - NÚMERO INTERNACIONAL NORMALIZADO PARA PUBLICACIONES SERIADAS
Número Internacional Normalizado para Publicaciones Seriadas 1468-2370
040 ## - FUENTE DE LA CATALOGACIÓN
Centro catalogador/agencia de origen TBS
Lengua de catalogación EN
Centro/agencia transcriptor TBS
041 ## - CÓDIGO DE LENGUA
Código de lengua del texto/banda sonora o título independiente eng
100 ## - ENTRADA PRINCIPAL--NOMBRE DE PERSONA
Nombre de persona Purkayastha, Saptarshi
9 (RLIN) 27007
Término indicativo de función/relación author
245 ## - MENCIÓN DE TÍTULO
Título Diversification and performance in developed and emerging market contexts
Resto del título : a review of the literature
Mención de responsabilidad, etc. / Saptarshi Purkayastha., Tatiana S. Manolova, & Linda F. Edelman.
260 ## - PUBLICACIÓN, DISTRIBUCIÓN, ETC.
Nombre del editor, distribuidor, etc. International Journal of Management Reviews,
Fecha de publicación, distribución, etc. 2012.
300 ## - DESCRIPCIÓN FÍSICA
Extensión 18-38 pages.
362 ## - FECHAS DE PUBLICACIÓN Y/O DESIGNACIÓN SECUENCIAL
Fecha de publicación y/o designación secuencial International journal of management reviews : IJMR, 2012-03, Vol.14 (1), p.18-38
520 ## - SUMARIO, ETC.
Sumario, etc. The link between diversification and performance has become an important topic for research in diverse fields such as strategic management, industrial organization and financial management. However, a synthesis of the research done in developed and emerging markets is missing. This paper attempts such a synthesis by comparing and contrasting the past cumulative empirical research evidence on the relationship between diversification and firm performance in the context of developed economies to the more recent work in the emerging economies. The empirical literature has been divided into three broad perspectives, and the paper highlights the considerable diversity in its findings in developed and emerging markets across each of these perspectives. Based on this study, it is proposed that related diversification is preferable in developed economies and should be based on specific resources, whereas unrelated diversification is appropriate in emerging economies and should be based on generic resources. Although agency problems exist in both contexts, it is argued that the type of problem differs in developed and emerging markets. The paper concludes by identifying three directions for future research. First, the relationship between diversification and performance should be examined across each industry separately and not in aggregate. Secondly, future research needs to examine the organizational mechanisms required to make diversification successful. Finally, the relationship needs to be examined under unstable and dynamic situations such as the current global economic downturn.
630 #0 - PUNTO DE ACCESO ADICIONAL DE MATERIA--TÍTULO UNIFORME
Título uniforme MSc International Business
9 (RLIN) 26977
650 #0 - PUNTO DE ACCESO ADICIONAL DE MATERIA--TÉRMINO DE MATERIA
Término de materia o nombre geográfico como elemento de entrada Emerging markets
9 (RLIN) 26991
650 #0 - PUNTO DE ACCESO ADICIONAL DE MATERIA--TÉRMINO DE MATERIA
Término de materia o nombre geográfico como elemento de entrada Diversification
9 (RLIN) 27010
650 #0 - PUNTO DE ACCESO ADICIONAL DE MATERIA--TÉRMINO DE MATERIA
Término de materia o nombre geográfico como elemento de entrada Strategic management
9 (RLIN) 12443
700 ## - ENTRADA AGREGADA--NOMBRE PERSONAL
Nombre de persona Manolova, Tatiana S.
9 (RLIN) 27008
Término indicativo de función/relación author
700 ## - ENTRADA AGREGADA--NOMBRE PERSONAL
Nombre de persona Edelman, Linda F.
9 (RLIN) 27009
Término indicativo de función/relación author
856 ## - LOCALIZACIÓN Y ACCESO ELECTRÓNICOS
Identificador Uniforme del Recurso <a href="https://research-ebsco-com.hub.tbs-education.fr/c/q5dvh4/viewer/pdf/xh63iew5tr">https://research-ebsco-com.hub.tbs-education.fr/c/q5dvh4/viewer/pdf/xh63iew5tr</a>
942 ## - ELEMENTOS DE ENTRADA AGREGADA (KOHA)
Fuente del sistema de clasificación o colocación Clasificación de Library of Congress
Holdings
Estado de retiro Estado de pérdida Fuente del sistema de clasificación o colocación Estado dañado No para préstamo Código de colección Biblioteca de origen Biblioteca actual Fecha de adquisición Total de préstamos Código de barras Fecha visto por última vez Identificador Uniforme del Recurso Precio válido a partir de Tipo de ítem Koha
    Clasificación de Library of Congress     Core Textbooks TBS Barcelona TBS Barcelona 13/05/2026   5219 13/05/2026 https://research-ebsco-com.hub.tbs-education.fr/c/q5dvh4/viewer/pdf/xh63iew5tr 13/05/2026 Academic Article

Powered by Koha